000
00329 a2200145 4500
001
149010
040
_c
Escola São Tomás de Aquino
100
_a
RENNÓ, Regina
240
1
0
_a
Lápis de cor
_l
por
245
1
0
_a
Lápis de cor
362
0
_a
2009
440
1
_a
Editora do Brasil
697
_a
*LITERATURA INFANTO
942
_c
BK
999
_c
149010
_d
149010